01169nam a22003377a 4500003000900000005001700009007000300026008002900029020001800058040003300076082002700109100005800136245013800194250001200332260000600344264004000350300004900390336002700439337003500466338003000501490002700531500002400558521002600582650002700608650002500635650003000660650002800690650002400718700004600742700004300788DO-SdBPM20260525093855.0ta1607181998 sp a spa d a8439289227c  aDO-SdBPMbspacBPMSUerdad 04a372.21bC236co19982221 aCapdevila Blanco, Franciscod1926-1995eautor 4aut. 10a¿Cómo estás? /cFrancisco Capdevila Blanco ; asesores pedagógicos Juan Carlos Carrascosa Calpena, Agustín Berrueta Jiménez a4a. ed. c  aMadrid : bEdiciones Gaviota,c1998 a[24] páginas :bilustraciones ;c21 cm.  atextobtxt2rdacontent asin mediación bn2rdamedia  avolumen bnc2rdacarrier 0 aNene, Nena y Guau,v27 aHasta los 6 años  aA partir de 6 años. 7aEducación preescolar 7a Jardines infantiles 7aDidáctica pedagógica  7a Psicología educativa 7aLiteratura infantil1 aCarrascosa Calpena, Juan Carlose asesor 1 aBerrueta Jiménez, Agustíneasesor